000 00803cab a2200241 4500
001 WB2908-11
008 090401t1993 xxu||||| |||| 00| 0 eng d
035 _a(Sirsi) u59125
041 _aeng
245 _aAirport redevelopment schemes
260 _c1993
350 _a0
490 _aBuilding
_v258(7783) 26 February 1993 p11 (1)
520 _aMore details of plans to build a fifth terminal at Heathrow Airport; the Heathrow - Paddington link; an expansion programme for Liverpool airport and refurbishment plans for Birmingham airport`s terminal.
650 _aAIRPORT DEVELOPMENT
650 _aHEATHROW AIRPORT
650 _aLIVERPOOL AIRPORT
650 _aREGIONAL AIRPORTS
650 _aTERMINAL 5
690 _aPROPERTY-PROPERTY DEVELOPMENT
942 _n0
948 _c04/03/1997
999 _c36228
_d36228